El lado humano de la despoblación en Soria / (Record no. 66879)

MARC details
000 -LEADER
campo de control de longitud fija 01138nam a2200289 i 4500
001 - NÚMERO DE CONTROL
campo de control 66879
003 - IDENTIFICADOR DE NÚMERO DE CONTROL
campo de control ES-MaACL
005 - FECHA Y HORA DE LA ÚLTIMA TRANSACCIÓN
campo de control 20230906165856.0
007 - CAMPO FIJO DE DESCRIPCIÓN FÍSICA--INFORMACIÓN GENERAL
campo de control de longitud fija t|
008 - DATOS DE LONGITUD FIJA--INFORMACIÓN GENERAL
campo de control de longitud fija 040416s2002 sp a |||| | spa d
080 ## - NÚMERO DE LA CLASIFICACIÓN DECIMAL UNIVERSAL
Número de la Clasificación Decimal Universal 314.727.2(460.186)
080 ## - NÚMERO DE LA CLASIFICACIÓN DECIMAL UNIVERSAL
Número de la Clasificación Decimal Universal 308(460.186-22)
100 1# - ENTRADA PRINCIPAL--NOMBRE DE PERSONA
Nombre de persona Goig Soler, María Isabel.
9 (RLIN) 57620
245 13 - MENCIÓN DEL TÍTULO
Título El lado humano de la despoblación en Soria /
Mención de responsabilidad, etc. Isabel Goig Soler ; portada de Virginia Urquía Revuelto, con la colaboración de Leonor Lahoz y Luisa Goig.
260 ## - PUBLICACIÓN, DISTRIBUCIÓN, ETC.
Lugar de publicación, distribución, etc. La Rubia (Soria) :
Nombre del editor, distribuidor, etc. Centro Soriano de Estudios Tradicionales,
Fecha de publicación, distribución, etc. [2002]
300 ## - DESCRIPCIÓN FÍSICA
Extensión 242 p. :
Otras características físicas il. ;
Dimensiones 21 cm.
490 1# - MENCIÓN DE SERIE
Mención de serie Los libros del santero ;
Designación de volumen o secuencia 4
650 #4 - PUNTO DE ACCESO ADICIONAL DE MATERIA--TÉRMINO DE MATERIA
Término de materia o nombre geográfico como elemento de entrada Éxodo rural-
Subdivisión geográfica Soria (Provincia)
9 (RLIN) 12684
651 #4 - PUNTO DE ACCESO ADICIONAL DE MATERIA--NOMBRE GEOGRÁFICO
Nombre geográfico Soria (Provincia)-
Subdivisión general Condiciones rurales.
9 (RLIN) 9410
700 1# - ENTRADA AGREGADA--NOMBRE PERSONAL
Nombre de persona Urquía Revuelto, Virginia.
9 (RLIN) 112201
700 1# - ENTRADA AGREGADA--NOMBRE PERSONAL
Nombre de persona Lahoz, Leonor.
9 (RLIN) 69649
700 1# - ENTRADA AGREGADA--NOMBRE PERSONAL
Nombre de persona Goig Soler, María Luisa.
9 (RLIN) 57621
710 2# - ENTRADA AGREGADA--NOMBRE DE ENTIDAD CORPORATIVA
Nombre de entidad corporativa o nombre de jurisdicción como elemento de entrada Centro Soriano de Estudios Tradicionales.
9 (RLIN) 2788
830 0# - PUNTO DE ACCESO ADICIONAL DE SERIE-TÍTULO UNIFORME
Título uniforme Los libros del santero ;
Designación de volumen o secuencia 4
9 (RLIN) 230850
852 ## - LOCALIZACIÓN
Ubicación ES-MaACL
Número de control de estantería L-27549
Nota libre . - Dedicatoria autógrafa de la autora
Holdings
Estatus retirado Estado de pérdida Estado de daño No para préstamo Biblioteca de origen Biblioteca actual Ubicación en estantería Fecha de adquisición Fuente de adquisición Total de préstamos Signatura topográfica completa Código de barras Visto por última vez Precio de reemplazo Tipo de ítem Koha
        Biblioteca del Ateneo de Madrid Biblioteca del Ateneo de Madrid Depósito 2 17/01/2008     L-27549 1070048 23/02/2023 23/02/2023 Libro impreso